000 00686cam a2200181 4500
082 0 0 _a621.402
_bCHE
_cL-12, P-24
100 1 _aChernov, Aleksandr Vasil'evich
_941732
245 1 0 _aFundamentals of heat engineering and hydraulics
_c[by] A. Chernov [and] N. Bessrebrennikov. Translated from the Russian by A. Troitsky.
260 _aMoscow,
_bMir Publishers,
_c1969.
300 _a407 p.
_billus.
_c21 cm.
500 _aTranslation of Osnovy teplotekhniki i gidravliki.
526 _a0
_b0
_c0
_d621_402000000000000_CHE
650 0 _aHydraulics.
650 0 _aMCE
_9379
650 0 _aThermodynamics.
_97134
700 1 _aBessrebrennikov, Nikolaĭ Konstantinovich,
_941733
942 _2ddc
_cBK
999 _c545776
_d545776